| 000 | 01141cam a2200349 i 4500 | ||
|---|---|---|---|
| 001 | 3636 | ||
| 003 | KOSZ 005 | ||
| 005 | 20200505121615.0 | ||
| 008 | 690810s1988 pl f f |000 0 pol | ||
| 020 | _a8301065435 | ||
| 040 |
_cKOSZ 005 _aKOSZ 005 _dKOSZ 005/HR |
||
| 046 | _k1988 | ||
| 080 | _a514.18 | ||
| 080 | _a(075.8) | ||
| 100 | 1 |
_aGrochowski, Bogusław _d(1923-2011) _eAutor |
|
| 245 | 1 | 0 |
_aGeometria wykreślna z perspektywą stosowaną / _cBogusław Grochowski. |
| 260 |
_aWarszawa : _bPaństwowe Wydawnictwo Naukowe, _c1988. |
||
| 300 |
_a428 s. : _brys. ; _c24 cm. |
||
| 336 |
_2rdacontent _aTekst _btxt |
||
| 337 |
_2rdamedia _aBez urządzenia pośredniczącego _bn |
||
| 338 |
_2rdacarrier _aWolumin _bnc |
||
| 380 | _aKsiążki | ||
| 380 | _aPublikacje dydaktyczne | ||
| 385 |
_mPoziom nauczania _aSzkoły wyższe |
||
| 388 | _a1901-2000 | ||
| 504 | _aBibliogr. s. 420. | ||
| 650 | 4 | _aGeometria wykreślna | |
| 655 | 4 | _aPodręczniki akademickie | |
| 658 | _aMatematyka | ||
| 856 |
_uhttp://koha.tu.koszalin.pl/cgi-bin/koha/opac-detail.pl?biblionumber=3636 _yKatalog online BPK |
||
| 942 |
_cKS _2UKD |
||
| 999 |
_c3636 _d3636 |
||